Sports Quiz

Random Sports or NHL Quiz
Score 0/10 Timer 03:00
0 Plays Today
% Correct
Tuukka Rask
94.4%
Pekka Rinne
88.9%
Patrick Roy
88.9%
Bill Ranford
83.3%
Mike Richter
83.3%
Dwayne Roloson
77.8%
Glenn Resch
66.7%
Jim Rutherford
61.1%
John Ross Roach
55.6%
Pat Riggin
33.3%
Come Together.
Have Fun.
All Virtual.
We all need to come together. Play Sporcle's virtual live trivia to have fun, connect with people, and get your trivia on. Join a live hosted trivia game for your favorite pub trivia experience done virtually. If a virtual private party is more your thing, go here for details.

You're not logged in!

Compare scores with friends on all Sporcle quizzes.
OR
Log In

Sporcle TV

Today on Sporcle TV


Watch our educational content, quiz creation guides, and fun videos on Sporcle TV.

Show Comments

Extras

Top Quizzes Today


Score Distribution

Paid Content

Your Account Isn't Verified!

In order to create a playlist on Sporcle, you need to verify the email address you used during registration. Go to your Sporcle Settings to finish the process.

Report this User

Report this user for behavior that violates our Community Guidelines.

Details: